| 000 -LEADER |
| fixed length control field |
00809nam a2200265 a 4500 |
| 001 - CONTROL NUMBER |
| control field |
8285 |
| 003 - CONTROL NUMBER IDENTIFIER |
| control field |
BD-DhUAP |
| 005 - DATE AND TIME OF LATEST TRANSACTION |
| control field |
20210123100054.0 |
| 008 - FIXED-LENGTH DATA ELEMENTS--GENERAL INFORMATION |
| fixed length control field |
200210s1997 ii lb 001 0 eng d |
| 040 ## - CATALOGING SOURCE |
| Original cataloging agency |
DLC |
| Transcribing agency |
DLC |
| Modifying agency |
BD-DhUAP |
| Language of cataloging |
Eng |
| 082 00 - DEWEY DECIMAL CLASSIFICATION NUMBER |
| Classification number |
346.540436 MUL |
| Edition number |
23 |
| 100 ## - MAIN ENTRY--PERSONAL NAME |
| Personal name |
Mulla, Dinshah Fardunji. |
| 245 10 - TITLE STATEMENT |
| Title |
Mulla on the transfeer of property act, 1882 / |
| Statement of responsibility, etc. |
Dinshah Fardunji Mulla and R. K. Abichandani. |
| 250 ## - EDITION STATEMENT |
| Edition statement |
8th ed. |
| 260 ## - PUBLICATION, DISTRIBUTION, ETC. |
| Place of publication, distribution, etc. |
Bombay : |
| Name of publisher, distributor, etc. |
N. M. Tripathi, |
| Date of publication, distribution, etc. |
c1995 [Reprinted 1997]. |
| 300 ## - PHYSICAL DESCRIPTION |
| Extent |
xix, 1125 pages ; |
| Dimensions |
24 cm. |
| 504 ## - BIBLIOGRAPHY, ETC. NOTE |
| Bibliography, etc. note |
Includes bibliographical references and index. |
| 650 ## - SUBJECT ADDED ENTRY--TOPICAL TERM |
| Topical term or geographic name entry element |
Transfer (Law). |
| 650 ## - SUBJECT ADDED ENTRY--TOPICAL TERM |
| Topical term or geographic name entry element |
Property. |
| 650 ## - SUBJECT ADDED ENTRY--TOPICAL TERM |
| Topical term or geographic name entry element |
Mortgages. |
| 700 1# - ADDED ENTRY--PERSONAL NAME |
| Personal name |
Abichandani, R. K. |
| 942 ## - ADDED ENTRY ELEMENTS (KOHA) |
| Source of classification or shelving scheme |
|
| Koha item type |
Book |